000 00855cam a2200229 a 4500
001 000002839
005 20200929150252.0
008 740930s1969 ve b 000 fbspa
040 _aDO-SdBNP
_cTxDaM
_dOCoLC
_dDLC
082 _aV863.44
_bU86M
100 1 _aMiliani, Domingo.
_d1929-
_98986
245 1 0 _aUslar Pietri :
_brenovador del cuento venezolano /
_cDomingo Miliani.
260 _aCaracas :
_bMonte Ávila,
_c1969.
300 _a183 p. ;
_c19 cm.
440 0 _aEstudios
_93854
502 _aTesis--Universidad Nacional Autónoma de México, 1966.
504 _aBibliografías: p. 151-183.
600 1 0 _aUslar Pietri, Arturo,
_d1906-2001.
_xCRÍTICA E INTERPRETACIÓN
_98987
650 4 _aCuentos venezolanos
_xHistoria y crítica.
_98982
650 4 _aLiteratura venezolana
_xCrítica e interpretación
_98988
910 _aCatalogación por copia / LC
999 _c2673
_d2673